01222nam a2200313Ia 4500001001200000003000800012006001900020007001500039008004100054010001700095020001800112040002100130035002100151050002100172100002400193245007800217260004800295300002500343490003900368504005100407533015200458650004300610650002600653655002900679710001700708830004000725856012600765999001700891ebr10300559CaPaEBRm u cr cn|||||||||090218s2009 enka sb 001 0 eng d z 2008055904 z9780470018712 aCaPaEBRcCaPaEBR a(OCoLC)31711642214aH62b.L84 2009eb1 aLynn, Peter,d1966-10aMethodology of longitudinal surveysh[electronic resource] /cPeter Lynn. aChichester, UK :bJohn Wiley & Sons,c2009. axvii, 396 p. :bill.1 aWiley series in survey methodology aIncludes bibliographical references and index. aElectronic reproduction.bPalo Alto, Calif. :cebrary,d2011.nAvailable via World Wide Web.nAccess may be limited to ebrary affiliated libraries. 0aSocial sciencesvLongitudinal studies. 0aSurveysxMethodology. 7aElectronic books.2local2 aebrary, Inc. 0aWiley series in survey methodology.40uhttp://site.ebrary.com/lib/rucke/Doc?id=10300559zAn electronic book accessible through the World Wide Web; click to view c67387d67387